zpět

Detail výsledku týmu

ZÓNA 59, Brno

Datum a čas kvízu

28 Celkem bodů Celkový počet nahraných bodů na tomto kvízu bez doplňovacích otázek.
8. Pořadí na kvízu Konečné umístění týmu na tomto kvízu.

Zaznamenané odpovědi

# Otázka Odpověď Body Výsledky
1. Senát ve středu zvolil svého p... Miloš Vystrčil 0
2. Mluvčí afghánského radikálního... Tálibán 1
3. Hudební festival TrutnOFF Brno... Parov Stelar 0
4. Minulý týden vydal Krajský sou... Mladá fronta 0
5. Sparťanský trenér Václav Jílek... Václav Kotal 0
6. Na tento týden připadá období... bachyně 1
7. S tímto zvláštně vypadajícím p... (prase) bradavičnaté 1
8. Již delší dobu se experimentuj... xenotransplantace 1
9. Prase je čistotné a inteligent... D 1
10. Obliba miniprasátek jako domác... Alan Alexander Milne 1